000 nam a22 7a 4500
999 _c28553
_d28553
008 170308b xxu||||| |||| 00| 0 eng d
050 _aPN 2093 .S69 1974
100 _d1974
245 _aThe sound of music:
_ba new musical play.
260 _aNY:
_bRandom house,
_c1974.
300 _a141.p
942 _2lcc
_cBOOKS
_hPN 2093 .S69 1974